Анализ и планирование кредитных операций в среде MS EXCEL Статья
محفوظ في:
| المؤلف الرئيسي: | |
|---|---|
| التنسيق: | Статья |
| الوصول للمادة أونلاين: | https://znanium.com/catalog/document?id=66102 https://znanium.com/cover/0464/464041.jpg |
| الوسوم: |
إضافة وسم
لا توجد وسوم, كن أول من يضع وسما على هذه التسجيلة!
|
| LEADER | 01272nam0a2200205 i 4500 | ||
|---|---|---|---|
| 001 | RU\infra-m\znanium\bibl\464041 | ||
| 003 | https://znanium.com/catalog/document?id=66102 | ||
| 005 | 20190327000000.0 | ||
| 100 | |a 20190327d2014 m y0rusy0150 ca | ||
| 101 | 0 | |a rus | |
| 102 | |a RU | ||
| 200 | 1 | |a Анализ и планирование кредитных операций в среде MS EXCEL |e Статья |f Финансовый университет при Правительстве Российской Федерации | |
| 210 | 1 | |a Москва |c Издательский дом "Бухгалтерия и банки" |d 2002 | |
| 215 | |a 6 с. | ||
| 333 | |a ВО - Магистратура | ||
| 608 | |a Статья |2 local | ||
| 700 | 1 | |a Лукасевич |b И.Я. |g Игорь Ярославович |p Финансовый университет при Правительстве Российской Федерации | |
| 801 | 0 | |a RU |b Общество с ограниченной ответственностью «ЗНАНИУМ» |c 20140407 |2 rusmarc | |
| 856 | 4 | |a znanium.com |m ebs_support@infra-m.ru |n НИЦ ИНФРА-М |u https://znanium.com/catalog/document?id=66102 | |
| 856 | 4 | 1 | |a znanium.com |d /cover/0464 |f 464041.jpg |q image/jpeg |u https://znanium.com/cover/0464/464041.jpg |